000 00640nam a2200241Ia 4500
003 OSt
005 20230413093350.0
008 210423s2009 xx 000 0 und d
020 _a9780761929574
040 _cAL
041 _aeng
082 _a070.403 STEC
100 _aSTERLING (Christopher H),Ed
_987486
245 _aEncyclopedia of journalism. V2 D-I
260 _aLos Angeles
_bSage Publications
_c2009
300 _axi,808,I-172
_bHB
365 _b6266
_cINR
440 _v2
650 _aJournalism
_987487
650 _aJournalism & Media
_987488
906 _aD-I. ; Encyclopedia ; journalism. ; V2
942 _2ddc
_cBK
999 _c159671
_d159671